análisis político criminal : (Registro nro. 5982)
[ vista simple ]
| 000 -LEADER | |
|---|---|
| fixed length control field | 00962nam a2200241Ia 4500 |
| 003 - CONTROL NUMBER IDENTIFIER | |
| control field | OSt |
| 005 - DATE AND TIME OF LATEST TRANSACTION | |
| control field | 20200806174421.0 |
| 008 - FIXED-LENGTH DATA ELEMENTS--GENERAL INFORMATION | |
| fixed length control field | 191128s2012 ck gr 000 0 spa d |
| 020 ## - INTERNATIONAL STANDARD BOOK NUMBER | |
| International Standard Book Number | 9789585758230 |
| 040 ## - CATALOGING SOURCE | |
| Original cataloging agency | CO-JMCR |
| Transcribing agency | CO-JMCR |
| 041 0# - LANGUAGE CODE | |
| Language code of text/sound track or separate title | spa |
| 082 04 - DEWEY DECIMAL CLASSIFICATION NUMBER | |
| Classification number | 364.404 / |
| Item number | B352a |
| Edition number | 23 |
| 100 1# - MAIN ENTRY--PERSONAL NAME | |
| Personal name | Binder, Alberto, |
| Relator term | autor |
| 9 (RLIN) | 8509 |
| 245 10 - TITLE STATEMENT | |
| Title | análisis político criminal : |
| Remainder of title | Bases metodológicas para una política criminal minimalista y democrática / |
| Statement of responsibility, etc. | Alberto Binder |
| 250 ## - EDITION STATEMENT | |
| Edition statement | 1a. Edición |
| 260 ## - PUBLICATION, DISTRIBUTION, ETC. | |
| Place of publication, distribution, etc. | Bogotá : |
| Name of publisher, distributor, etc. | Astrea, |
| Date of publication, distribution, etc. | 2012. |
| 300 ## - PHYSICAL DESCRIPTION | |
| Extent | xvi, 375 páginas |
| Dimensions | 23 cm. |
| 300 ## - PHYSICAL DESCRIPTION | |
| Dimensions | 23 cm |
| 505 0# - FORMATTED CONTENTS NOTE | |
| Formatted contents note | Ubicación de la política criminal en el marco de las políticas públicas -- Historia y usos de la idea de "política criminal" -- Definición y alcances de la política criminal --Elementos de la política criminal como política pública |
| 650 24 - SUBJECT ADDED ENTRY--TOPICAL TERM | |
| Topical term or geographic name entry element | Derecho penal |
| 9 (RLIN) | 3455 |
| 650 24 - SUBJECT ADDED ENTRY--TOPICAL TERM | |
| Topical term or geographic name entry element | Política criminal |
| 9 (RLIN) | 8510 |
| 942 ## - ADDED ENTRY ELEMENTS (KOHA) | |
| Source of classification or shelving scheme | Dewey Decimal Classification |
| Koha item type | Books |
| Withdrawn status | Lost status | Source of classification or shelving scheme | Materials specified (bound volume or other part) | Damaged status | Not for loan | Home library | Current library | Shelving location | Date acquired | Source of acquisition | Total Checkouts | Full call number | Barcode | Date last seen | Date last checked out | Copy number | Price effective from | Koha item type |
|---|---|---|---|---|---|---|---|---|---|---|---|---|---|---|---|---|---|---|
| Dewey Decimal Classification | Donación--15/04/2018-- | Biblioteca Pública José María del Castillo y Rada | Biblioteca Pública José María del Castillo y Rada | General Stacks | 11/28/2019 | Donación | 1 | 364.404 / B352a | 430011323 | 07/29/2024 | 07/29/2024 | Ej.1 | 11/28/2019 | Books |